La participacin̤ en el delito imprudente en el cd̤igo penal español de 1995

Detalles Bibliográficos
Autor principal: Bent̕ez Ortz︢ar, Ignacio Francisco
Formato: Desconocido
Lenguaje:español
Publicado: Madrid : Dykinson, 2007
Materias:
Acceso en línea:Acceso restringido

MARC

LEADER 00000ny a22000003n 4500
005 20110617143540.0
006 m u
007 cr cn|||||||||
008 200807r2007 sp |||||s|||||||||||spa d
020 |a 9788498490312 
035 |a 2299 
040 |a FlNmELB  |c FlNmELB  |d vlex 
050 1 4 |a K5015.4   |b B475 2007eb 
080 |a 343.236 
090 |c 1394  |d 1394 
100 1 |a Bent̕ez Ortz︢ar, Ignacio Francisco 
245 1 3 |a La participacin̤ en el delito imprudente en el cd̤igo penal español de 1995  |h [Recurso electrn̤ico]  |c Ignacio Francisco Bent̕ez Ortz︢ar 
256 |a Servicio en ln̕ea 
260 |a Madrid :  |b Dykinson,  |c 2007 
300 |a 10-205 p 
506 1 |a Contenido solo disponible en los productos indicados  |d vLex Global  |d vLex Global (Academic Edition, excluding Law Schools)  |d vLex Global (U.S. Academic Edition, Law Schools)  |d vLex Global (U.S. Academic Edition, excluding Law Schools)  |d vLex Global (Academic Edition, Law Schools) 
650 0 7 |a Delito  |2 Tesauro vLex 
650 0 7 |a Penal  |2 Tesauro vLex 
650 0 7 |a Delitos  |2 Tesauro vLex 
740 0 |a vLex Libros (Servicios en ln̕ea) 
856 4 0 |u http://vlex.com/source/2299  |z Acceso restringido 
942 |c BOOK